000 00621nam a2200217Ia 4500
005 20260429112255.0
008 260429s9999||||xx |||||||||||||| ||und||
020 _a9781803922607
041 _aEnglish
082 _a323.07
_bAND
100 _aAndreassen, Bard A.
245 0 _aResearch methods in human rights :
_ba handbook /
_cBard A. Andreassen
250 _a2nd ed.
260 _aUnited Kingdom :
_bEdward Elgar Publishing,
_c2024.
300 _axii, 399 p.; hb
650 _a Research methods
650 _aHuman rights
700 _a O'Brien, Claire Methven
700 _a Sano, Hans-Otto
942 _cTB
999 _c53252
_d53252